000
00272nam a2200121Ia 4500
008
230917s9999||||xx |||||||||||||| ||und||
040
_e
123451
_a
MAIN
041
_a
English
082
_a
658.1511 M698M
100
_a
Mittal
245
0
_a
Management accounting
942
_c
BK
999
_c
52786
_d
52786